00426nam a22001217a 4500082000800000100002400008245008100032260003600113300001300149650004700162700003700209856005800246 a200 aHumayon, Khan Jabar aWaste Management in Construction Industry of Pakistan /cJabar Humayon Khan  aIslamabad :bMEC - NUST,c2014. a126 p. ; aMS-Construction Engineering and Management aSupervisor. Muhammad Naseem Baig u http://10.250.8.41:8080/xmlui/handle/123456789/41093